[Event "Heusenstamm Schloss op-A 5th"]
[Site "Heusenstamm"]
[Date "2018.11.25"]
[Round "7"]
[White "Noe, Christopher"]
[Black "Pap, Misa"]
[Result "1-0"]
[WhiteElo "2529"]
[BlackElo "2473"]
[Annotator "Gutman,L"]
[PlyCount "169"]
[EventDate "2018.11.22"]
[EventType "swiss"]
[EventRounds "7"]
[EventCountry "GER"]
[SourceTitle "EXT 2020"]
[Source "ChessBase"]
[SourceDate "2019.10.17"]
[SourceVersion "1"]
[SourceVersionDate "2019.10.17"]
[SourceQuality "1"]
[WhiteClock "0:06:23"]
[BlackClock "0:08:10"]

{[%evp 0,169,32,27,61,32,45,38,78,65,54,63,57,52,30,52,71,56,64,33,10,9,11,-14,
48,-32,-11,-19,10,-14,-1,3,16,18,16,-10,47,27,36,28,57,-10,50,5,27,28,29,9,15,
11,4,9,12,17,32,29,103,26,66,47,51,34,45,-4,19,60,50,71,70,120,110,124,126,126,
133,116,127,133,136,133,139,147,139,139,181,147,147,139,139,139,139,139,139,
139,135,131,134,141,154,153,163,147,145,178,183,182,182,187,192,192,192,204,
204,178,204,204,204,204,195,202,202,204,215,200,215,215,225,223,225,226,233,
225,232,206,228,218,273,261,299,305,316,331,370,332,332,332,332,390,390,401,
250,1016,1015,1015,1015,1015,1014,1014,1014,1014,1012,1014,1022,1022,1022,1022,
1022,1032,29977,29978,29979,29980]} {Die entscheidende Partie der letzten
Runde.} 1. d4 f5 2. c4 Nf6 3. Nc3 g6 4. g3 Bg7 5. Bg2 O-O 6. Nf3 d6 7. O-O c6
8. d5 $5 (8. b3 a5 9. Bb2 Na6 10. d5 Bd7 11. Nd4 cxd5 (11... Rc8 12. e3 Nc5 13.
Qe2 Qb6 14. Rab1 Qa6 15. Rfd1 Nfe4 $11 {Werner-Pap, Runde 1}) 12. cxd5 Nc5 13.
Rc1 Qb6 14. Ba1 Rfc8 $11 {Siddharth-Pap, Runde 3}) 8... e5 9. dxe6 Bxe6 10. b3
Na6 11. Ng5 Qe7 ({Zu beachten ist} 11... Nc5 $5 12. Bb2 Qe7 {mit der Idee} 13.
Nxe6 Nxe6 14. e3 Rad8 15. Qc2 Rfe8 $11 {Chuchelov-Kindermann, Cuxhaven 1993})
12. Nxe6 Qxe6 13. Bb2 Nc5 14. Qc2 a5 ({Die Experten wie Hikaru Nakamura,
Sergey Dolmatov, Vladimir Malaniuk und Stefan Kindermann haben bevorzugt ohne
a7-a5 auszukommen, etwa} 14... Rad8 $5 15. Rad1 Rfe8 16. e3 Nfe4 ({dies ist
etwas solider als} 16... Nce4 17. Nxe4 fxe4 {Gelfand-Nakamura, Tata Steel 2012}
) 17. Nxe4 Nxe4 18. Bxg7 Kxg7 {remis Sosonko-Dolmatov, Polanica Zdroj 1993})
15. Rad1 Rad8 16. e3 Rfe8 17. a3 $5 ({Weniger konsequent erscheint} 17. Ne2 Qe7
18. Bd4 Qc7 19. Nf4 {Uhlmann-Casper, Berlin 1979} Ng4 $5 20. h3 Ne5 $11) 17...
h5 $5 ({Auf der Suche nach Gegenspiel. Besseres ist kaum zu finden, man sehe} 
17... Ra8 18. b4 axb4 19. axb4 Ncd7 20. b5 Ne5 21. Rfe1 $14) (17... Ng4 18. b4
axb4 19. axb4 Nd7 20. b5 Rc8 21. Nd5 Bxb2 22. Qxb2 Nge5 23. Qd4 Nc5 24. Nb6
Rcd8 25. Rfe1 $14) (17... Qe7 18. b4 Ne6 (18... Ncd7 19. b5 Rc8 20. bxc6 bxc6
21. Na4 $14) 19. Ne2 axb4 20. axb4 Ng5 21. h4 Nf7 22. Ra1 $14) 18. b4 axb4 19.
axb4 Nce4 20. Nxe4 fxe4 ({Nach der Muster von Nakamura, bei} 20... Nxe4 21.
Bxg7 Kxg7 22. Rd4 $14 {bleibt Weiß am Ruder.}) 21. Rd2 $6 ({Zu langsam,
vorzuziehen war} 21. b5 $5 h4 22. gxh4 Ng4 23. Bxg7 Kxg7 24. h3 Nf6 25. bxc6
bxc6 26. Rb1 $14) 21... Nh7 ({Attraktiver erscheint} 21... h4 $5 22. gxh4 (22.
Rfd1 h3 23. Bf1 Nh7 $11) 22... Ng4 23. Bxg7 Kxg7 24. Bh3 (24. Rfd1 Nf6 25. Rd4
Qe5 $11) 24... Rf8 25. Qd1 Rf3 26. Bg2 Rff8 27. Rd4 Nf6 28. f3 exf3 29. Rxf3
Nh5 30. Rxf8 Rxf8 31. Re4 Qf7 $11) 22. Bxg7 Kxg7 23. h4 Nf6 24. Rfd1 d5 $6 (
24... Rf8 25. b5 c5 $11) 25. b5 Rc8 26. bxc6 bxc6 27. Qc3 Kh7 $2 (27... Qe5 28.
Qb3 $14) 28. Rb2 $2 ({Der Weiße verpasst} 28. Bh3 $1 Qxh3 29. Qxf6 $16) 28...
Rcd8 29. Rb7+ Re7 30. Bh3 Qf7 31. Rb6 Rc7 32. cxd5 Nxd5 33. Qc2 Rf8 34. Rb2 Qe7
35. Rd4 Nf6 36. Rb6 Rd8 37. Rc4 Rd6 38. Rbxc6 Rdxc6 39. Rxc6 Rxc6 40. Qxc6 Kg7
41. Be6 Qa7 42. Kg2 Qe7 43. Qb6 Kh7 44. Kf1 Kg7 45. Ke2 Kh6 46. Kd2 Ng4 $2 (
46... Kg7 $14) 47. Bxg4 hxg4 48. Kc3 Qe5+ (48... Qf7 49. Qd6 Kh7 50. Kd4 Qxf2
51. Qd7+ Kh6 52. Qxg4 $16) 49. Kc4 Qe7 50. Qc5 Qf7+ 51. Kd4 Qxf2 52. Qg5+ Kh7
53. Qxg4 Qb2+ 54. Kxe4 Qc2+ 55. Kf3 Qd1+ 56. Kf4 Qd6+ 57. Ke4 Qc6+ 58. Kd3 Qa6+
59. Kd2 Qa5+ 60. Ke2 Qa2+ 61. Ke1 Qd5 62. Kf2 Qd2+ 63. Qe2 Qd5 64. e4 Qe5 65.
Kg2 Kg7 66. Kh3 Kh7 67. Qg4 Qd6 (67... Qa1 68. Qf3 $18) 68. h5 gxh5 69. Qxh5+
Kg7 70. Qg5+ Kh7 71. Qf5+ Kg7 72. e5 Qd5 73. Qg5+ Kf7 74. Qf6+ Ke8 75. Qg6+ Ke7
76. Qd6+ Qxd6 77. exd6+ Kxd6 78. Kg4 Ke6 79. Kg5 Kf7 80. Kh6 Kg8 81. g4 Kh8 82.
g5 Kg8 83. Kg6 Kh8 84. Kf7 Kh7 85. g6+ 1-0

[Event "Hamburg SKA"]
[Site "Hamburg"]
[Date "1991.07.03"]
[Round "6"]
[White "Hansen, Curt"]
[Black "Lobron, Eric"]
[Result "1/2-1/2"]
[WhiteElo "2565"]
[BlackElo "2545"]
[Annotator "Hansen,Cu"]
[PlyCount "55"]
[EventDate "1991.06.27"]
[EventType "tourn"]
[EventRounds "13"]
[EventCountry "GER"]
[EventCategory "11"]
[SourceTitle "CBM 024"]
[Source "ChessBase"]
[SourceDate "1991.10.01"]
[SourceVersion "1"]
[SourceVersionDate "1991.10.01"]
[SourceQuality "1"]

1. d4 {Schussler} f5 2. g3 Nf6 3. Bg2 g6 4. c4 Bg7 5. Nc3 d6 (5... O-O {
Schussler} 6. Nh3 c6 7. d5 e5 8. d6 {See CBM 24/game 816 for a wild game!}) 6.
d5 O-O 7. Nh3 c6 8. O-O (8. Nf4 {Schussler} e5 9. dxe6 Qe7 10. O-O Bxe6 11.
Nxe6 Qxe6 12. Bf4 Qxc4 13. Qxd6 Na6 14. Rfd1 {White has a minimal advantage,
Kasparov-Gurevich, Amsterdam 1991.}) 8... e5 9. dxe6 Bxe6 10. b3 (10. Qd3 Na6
11. Bf4 Ne8 12. Ng5 {!Nf3-g5} Bc8 13. Rad1 h6 14. Nf3 Be6 $10 {Obukhov,
A-Kharkov USSR 1990}) 10... Na6 11. Ng5 (11. Bb2 Qe7 12. Ng5 {!Nf3-g5} Bd7 13.
Qd2 Rad8 14. Rad1 Bc8 15. Rfe1 h6 16. Nf3 $14 {Dorfman,I-Dolmatov,S Moskva 1990
}) 11... Qe7 $1 {N} (11... Bc8 $6 12. Bb2 Nc5 13. Qc2 Qe7 14. Rad1 $14 {
Gulko,B-Dolmatov,S Moskva 1990}) 12. Nxe6 Qxe6 13. Bb2 Rad8 (13... Ne4 14. Qc1
Nxc3 15. Bxc3 Bxc3 16. Qxc3 Qxe2 17. Rfe1 Qg4 18. Re7 Rf7 19. Rae1 $36 {/\Re8+}
) 14. e3 Nc7 $1 {/\d5} (14... Nc5 15. Qc2 $14 {><d6}) 15. Qc2 d5 16. cxd5 Ncxd5
17. Nxd5 Nxd5 18. Bxg7 Kxg7 19. Rad1 {/\Lxd5+/=} Nf6 20. Qc3 Qe7 {/\c5} 21. b4
Rxd1 22. Rxd1 Rd8 23. Rd4 (23. Rxd8 Qxd8 24. Bf3 Qd6 $10 (24... g5 $6 25. h3
Kg6 (25... h5 $2 26. Bxh5) 26. g4 $14)) 23... Qe5 24. f4 Qe7 25. h3 h5 26. Kf2
Rxd4 27. Qxd4 Kf7 28. Bf3 (28. Qxa7 Qxb4 $15) 1/2-1/2

[Event "Olympiad-33"]
[Site "Elista"]
[Date "1998.10.01"]
[Round "3.1"]
[White "Beliavsky, Alexander G"]
[Black "Spraggett, Kevin"]
[Result "1/2-1/2"]
[WhiteElo "2645"]
[BlackElo "2560"]
[Annotator "Hecht,H"]
[PlyCount "127"]
[EventDate "1998.09.29"]
[EventType "team-swiss"]
[EventRounds "13"]
[EventCountry "RUS"]
[SourceTitle "CBM 068"]
[Source "ChessBase"]
[SourceDate "1999.02.01"]
[SourceVersion "1"]
[SourceVersionDate "1999.02.01"]
[SourceQuality "1"]
[WhiteTeam "Slovenia"]
[BlackTeam "Canada"]
[WhiteTeamCountry "SLO"]
[BlackTeamCountry "CAN"]

1. d4 f5 2. g3 Nf6 3. Bg2 g6 4. Nf3 Bg7 5. c4 O-O 6. Nc3 d6 7. O-O c6 8. Rb1
Ne4 9. Nxe4 fxe4 10. Nd2 d5 11. e3 Be6 12. b4 b5 13. cxb5 cxb5 14. a4 bxa4 15.
Qxa4 Nd7 16. Qa2 Bf7 17. Bb2 e5 18. Qa1 Qe7 19. Nb3 Nb6 20. Na5 Be8 21. dxe5
Bb5 22. Rfd1 Rac8 23. Rbc1 Qxb4 24. Bc3 Qe7 25. Bh3 Bd7 26. Bxd7 Qxd7 27. Bd4
Qe6 28. Rxc8 Rxc8 29. Nb3 Nd7 30. Qxa7 Bxe5 31. Qa5 Nf6 32. Bxe5 Qxe5 33. Qa6
Rf8 34. Nd4 Ng4 35. Rd2 Nf6 36. Qc6 Rb8 37. Kg2 Re8 38. Ra2 Rf8 39. h3 Qe8 40.
Qd6 Qf7 41. Ne6 Re8 42. Ra6 Qe7 43. Nc7 Qxd6 44. Rxd6 Re7 45. Nxd5 Nxd5 46.
Rxd5 h5 47. h4 Kg7 48. Rg5 Kh6 49. g4 hxg4 50. Rxg4 Re5 51. Kf1 Kh5 52. Rf4 Re6
53. Ke2 Re5 54. Ke1 Kh6 55. Kd2 Rf5 56. Kc3 Rxf4 57. exf4 Kh5 58. Kd4 Kxh4 59.
Kxe4 {[#] Diesmal reicht der doppelte f-Bauer nicht zum Gewinn, weil Schwarz
sich rechtzeitig um den Hintermann kümmern kann.} Kg4 60. Ke3 Kh3 61. Kf3 Kh2
$1 (61... Kh4 $2 62. f5 gxf5 (62... Kg5 63. fxg6 Kxg6 64. Kg4 Kf6 65. Kf4 $18 {
Opposition}) 63. Kf4 Kh3 64. Kxf5 Kg2 65. f4 $18) 62. Ke3 Kg2 63. Ke2 Kh3 64.
Kd3 {Weiß kommt nicht weiter.} 1/2-1/2

[Event "Excelsior Cup"]
[Site "Gothenburg"]
[Date "2004.01.10"]
[Round "3"]
[White "Marin, Mihail"]
[Black "Berg, Emanuel"]
[Result "1/2-1/2"]
[WhiteElo "2531"]
[BlackElo "2495"]
[Annotator "Hecht,H"]
[PlyCount "108"]
[EventDate "2004.01.06"]
[EventType "tourn"]
[EventRounds "9"]
[EventCountry "SWE"]
[EventCategory "9"]
[SourceTitle "CBM 099"]
[Source "ChessBase"]
[SourceDate "2004.03.30"]
[SourceVersion "1"]
[SourceVersionDate "2004.03.30"]
[SourceQuality "1"]

1. c4 f5 2. g3 Nf6 3. Nc3 d6 4. Bg2 g6 5. d4 Bg7 6. Nf3 O-O 7. O-O c6 8. b3 Qa5
9. Bb2 e5 10. Qd2 Qc7 11. d5 h6 12. dxc6 bxc6 13. c5 d5 14. Nxe5 Qxe5 15. Nxd5
Ne4 16. Bxe5 Nxd2 17. Bxg7 Kxg7 18. Rfd1 Na6 19. Rxd2 cxd5 20. Rxd5 Rb8 21.
Rad1 Rb5 22. c6 Rxd5 23. Rxd5 Nc7 24. Rd4 Kf6 25. f4 Ke7 26. Kf2 Rd8 27. Rxd8
Kxd8 28. e4 Nb5 29. Ke3 Nc3 30. a3 Nxe4 31. Bxe4 fxe4 32. Kxe4 Kc7 33. Ke5 {
[#] Theme: the bishop is on the wrong colour for the potentially winning pawn
on a7.  [#] Thema: der Läufer hat nicht die Felderfarbe des potenziellen
Gewinnbauern a7} h5 34. Kf6 Bf5 35. h3 Kxc6 36. Kg5 Kc5 37. g4 hxg4 38. hxg4
Bc2 39. b4+ Kb5 40. f5 gxf5 41. gxf5 Ka4 42. f6 Bb3 {Once all the kingside
pawns have been swapped off, the white king hurries towards a1. Nachdem alle
Königsflügelbauern abgetauscht sind, eilt der weiße König Richtung a1.} 43. Kf4
Kxa3 (43... a6 44. Ke3 Kxa3 45. Kd2 Kb2 (45... Bf7 46. Kc3 Bg6 47. Kc4 $11) 46.
Kd3 Bf7 47. Kd4 Kb3 48. Kc5 $11) 44. b5 $1 Kb4 45. Ke3 Kc3 {The bishop is tied
up, so the white king cannot be pushed away.  Der Läufer ist gebunden und so
kann der weiße König nicht abgedrängt werden.} 46. Ke2 Kc2 47. Ke3 Kc3 48. Ke2
Bf7 49. Kd1 Bh5+ 50. Kc1 Bg6 51. f7 Bxf7 52. Kb1 Kb3 53. Ka1 Kc2 {The only way
for Black to win would be if White had an extra tempo wasting pawn on b4,...
Nur mit einem zusätzlichen weißen Temposchluckerbauern auf b4 könnte Schwarz
gewinnen,...} 54. b6 axb6 {... which would now have to move to b5, meaning
Black would remove the stalemate threat and win. ...der nun nach b5 ziehen
müsste, wonach Schwarz die Pattstellung aufhebt und gewinnen würde.} 1/2-1/2

[Event "Yerevan"]
[Site "Yerevan"]
[Date "1996.??.??"]
[Round "7"]
[White "Ehlvest, Jaan"]
[Black "Nikolic, Predrag"]
[Result "1/2-1/2"]
[WhiteElo "2660"]
[BlackElo "2645"]
[Annotator "Johnson,M"]
[PlyCount "63"]
[EventDate "1996.04.??"]
[EventType "tourn"]
[EventRounds "11"]
[EventCountry "ARM"]
[EventCategory "15"]
[SourceTitle "CBM 053"]
[Source "ChessBase"]
[SourceDate "1996.08.01"]
[SourceVersion "1"]
[SourceVersionDate "1996.08.01"]
[SourceQuality "1"]

1. Nf3 f5 2. g3 Nf6 3. Bg2 g6 4. O-O Bg7 5. c4 O-O 6. Nc3 d6 7. d4 Na6 8. Rb1
c6 (8... Qe8 9. d5 Nc5) 9. d5 Bd7 (9... c5 $1) 10. b3 (10. dxc6 Bxc6 (10...
bxc6 $6 11. b4 $16) 11. b4 $14) 10... Nc5 11. Bb2 a5 12. Nd4 Qe8 13. e3 e5 (
13... Nfe4 14. Nxe4 Nxe4 15. Ne6 Bxe6 16. Bxg7 Kxg7 17. Bxe4 fxe4 18. Qd4+ Rf6
19. dxe6 Qc8 20. Qxe4 Qxe6 $10) 14. dxe6 Bxe6 15. Qc2 Bf7 16. Rbd1 Qe7 17. Rfe1
Qc7 18. Nde2 Rfe8 19. Nf4 Qe7 20. Nd3 Nce4 21. f3 Nxc3 22. Bxc3 d5 23. cxd5
Nxd5 24. Bxg7 Kxg7 25. e4 fxe4 26. fxe4 Nb4 27. Qb2+ Kg8 28. Nf2 Qe5 29. Qxe5
Rxe5 30. Rd7 Kf8 31. Rxb7 Nxa2 32. Nd3 1/2-1/2

[Event "Sigeman & Co 04th"]
[Site "Malmo"]
[Date "1996.??.??"]
[Round "2"]
[White "Ziegler, Ari"]
[Black "Hansen, Curt"]
[Result "1/2-1/2"]
[WhiteElo "2440"]
[BlackElo "2615"]
[Annotator "Johnson,M"]
[PlyCount "120"]
[EventDate "1996.06.??"]
[EventType "tourn"]
[EventRounds "9"]
[EventCountry "SWE"]
[EventCategory "12"]
[SourceTitle "CBM 054"]
[Source "ChessBase"]
[SourceDate "1996.10.01"]
[SourceVersion "1"]
[SourceVersionDate "1996.10.01"]
[SourceQuality "1"]

1. d4 d6 2. Nf3 g6 3. c4 f5 4. Nc3 Nf6 5. g3 Bg7 6. Bg2 O-O 7. O-O c6 8. d5 Bd7
9. e4 (9. Nd4 Qb6 10. Rb1 Na6 11. b3 Nc7 12. Bb2 Rad8 13. e3 e5 14. dxe6 Nxe6
15. Nde2 Bc8 16. Qc2 Rd7 17. Na4 Qc7 18. Nd4 Rdd8 19. Nxe6 Bxe6 20. Bd4 Qf7 21.
Nc3 a6 22. Rfd1 Ng4 23. Bxg7 Qxg7 {Bialas,W-Buecker,S/B'liga 1992/0-1 (37)})
9... Nxe4 10. Nxe4 fxe4 11. Ng5 Na6 12. Nxe4 Rb8 13. Qe2 Kh8 14. Bg5 h6 15. Bd2
(15. Be3) 15... Nc7 16. Bc3 cxd5 17. cxd5 Nxd5 18. Bxg7+ Kxg7 19. Nxd6 exd6 20.
Bxd5 Bc6 21. Rad1 Qf6 22. b3 Rbe8 23. Qc2 Bxd5 24. Rxd5 Re6 25. Qd2 $14 Rfe8
26. Qd3 Rc8 27. Rd4 Rc6 28. Rd1 a6 29. a4 Qf5 30. Qxf5 gxf5 31. R1d3 Kf7 32.
Kg2 Ke7 33. Kf3 Rc2 34. Re3 Rxe3+ 35. Kxe3 Rb2 36. Rb4 $16 b5 37. axb5 axb5 38.
Rxb5 Ke6 39. h4 Rc2 40. f3 Rb2 41. Kf4 Rd2 42. Rb8 Rd4+ 43. Ke3 Rd1 44. Rh8 Ke5
45. Re8+ Kf6 46. Rb8 Ke5 47. Rb5+ d5 48. f4+ Kd6 49. Rb6+ Kc5 50. Rxh6 $18 Rb1
51. Rg6 $4 {throwing away the win} (51. Rf6 $1 Rxb3+ 52. Kf2 d4 53. Rxf5+ Kc4
54. Rf8 $18) 51... Rxb3+ 52. Kd2 Kd4 53. g4 fxg4 54. Rxg4 Rb2+ 55. Kc1 Rh2 56.
Rg1 Rxh4 57. Rf1 Ke3 58. Re1+ Kd3 59. Rd1+ Kc4 60. Rf1 Rh6 1/2-1/2

[Event "Biel SKA"]
[Site "Biel"]
[Date "1996.07.26"]
[Round "4"]
[White "Ehlvest, Jaan"]
[Black "Onischuk, Alexander"]
[Result "1/2-1/2"]
[WhiteElo "2660"]
[BlackElo "2605"]
[Annotator "Johnson,M"]
[PlyCount "89"]
[EventDate "1996.07.22"]
[EventType "tourn"]
[EventRounds "11"]
[EventCountry "SUI"]
[EventCategory "16"]
[SourceTitle "CBM 055"]
[Source "ChessBase"]
[SourceDate "1996.12.01"]
[SourceVersion "1"]
[SourceVersionDate "1996.12.01"]
[SourceQuality "1"]

1. Nf3 f5 2. g3 Nf6 3. c4 d6 4. d4 g6 5. Bg2 Bg7 6. O-O O-O 7. Nc3 Na6 8. Rb1
c6 (8... Qe8 9. d5 Nc5) 9. d5 Bd7 (9... c5 $1) 10. b3 (10. dxc6 Bxc6 (10...
bxc6 $6 11. b4 $16) 11. b4 $14) 10... Nc5 11. Bb2 Rc8 (11... a5 12. Nd4 Qe8 13.
e3 e5 (13... Nfe4 14. Nxe4 Nxe4 15. Ne6 Bxe6 16. Bxg7 Kxg7 17. Bxe4 fxe4 18.
Qd4+ Rf6 19. dxe6 Qc8 20. Qxe4 Qxe6 $10) 14. dxe6 Bxe6 15. Qc2 Bf7 16. Rbd1 Qe7
17. Rfe1 Qc7 18. Nde2 Rfe8 19. Nf4 Qe7 20. Nd3 Nce4 21. f3 Nxc3 22. Bxc3 d5 23.
cxd5 Nxd5 24. Bxg7 Kxg7 25. e4 fxe4 26. fxe4 Nb4 27. Qb2+ Kg8 28. Nf2 Qe5 29.
Qxe5 Rxe5 30. Rd7 Kf8 31. Rxb7 Nxa2 32. Nd3 {1/2-1/2 Ehlvest,J-Nikolic,P/
Erevan (07) ;CBM 53 1996}) 12. Nd4 Nce4 13. Nc2 (13. Nxe4 Nxe4 14. Bxe4 fxe4
15. Ne6 Bxe6 16. Bxg7 Kxg7 17. Qd4+ Rf6 $1 18. dxe6 a6 19. Qxe4 Qg8 $10) 13...
Nxc3 14. Bxc3 Qb6 15. a4 Ne4 16. Bxg7 Kxg7 17. dxc6 bxc6 18. Qd3 a5 19. Bxe4
fxe4 20. Qxe4 Bf5 21. Qf3 e5 22. Qc3 Qc5 23. Kg2 Rf6 24. Rbc1 g5 25. Qe3 Qxe3
26. Nxe3 Bg6 27. Rc3 Rcf8 28. f3 h5 29. h3 Kf7 30. Nd1 Ke6 31. Nf2 R6f7 32. Rd1
Rb7 33. e4 Rfb8 34. Rcd3 Rd8 35. h4 gxh4 36. gxh4 Rbd7 37. Nh3 d5 38. cxd5+
cxd5 39. Ng5+ Ke7 40. Rxd5 Rxd5 41. exd5 Bc2 42. Rc1 Bxb3 43. Rc3 Bxa4 44. Ra3
Bb5 45. Rxa5 1/2-1/2

[Event "DEN-ch"]
[Site "Denmark"]
[Date "1996.??.??"]
[Round "4"]
[White "Nielsen, Peter Heine"]
[Black "Kristiansen, Jens"]
[Result "1-0"]
[WhiteElo "2495"]
[BlackElo "2440"]
[Annotator "Johnson,M"]
[PlyCount "73"]
[EventDate "1996.??.??"]
[EventType "tourn"]
[EventRounds "9"]
[EventCountry "DEN"]
[EventCategory "9"]
[SourceTitle "CBM 053"]
[Source "ChessBase"]
[SourceDate "1996.08.01"]
[SourceVersion "1"]
[SourceVersionDate "1996.08.01"]
[SourceQuality "1"]

1. Nf3 f5 2. c4 Nf6 3. g3 g6 4. Bg2 Bg7 5. O-O O-O 6. d4 c6 7. Nc3 d6 8. d5 Bd7
9. Re1 (9. Rb1) 9... Na6 10. Nd4 (10. e4 fxe4 11. Nxe4 Nxe4 12. Rxe4 Nc5 13.
Re1 cxd5 14. Qxd5+ Kh8 15. Ng5 Qe8 16. Re2 Bc6 17. Qd1 Bxg2 18. Kxg2 Rc8 19.
Bf4 h6 20. Nf3 g5 21. Bc1 Qf7 22. Ne1 Ne4 23. Qd5 Rxc4 24. Qxb7 Nxf2 25. Rxe7
Qf5 26. Rxg7 Ng4 27. Bf4 gxf4 28. Rxg4 Qxg4 29. Qf3 Qg7 30. Qb3 Re4 {0-1 Hoyer,
BW-Kubach,G/corr WT/M/437 1988}) 10... Qb6 11. Na4 Qc7 12. Bg5 Rae8 13. Rc1 e5
$4 (13... Ne4 14. Bxe4 $1 (14. Bf4 cxd5 15. cxd5 Qa5 16. Nc3 Nxc3 17. bxc3 Qxa2
18. Ra1 Qc4 $17) 14... fxe4 15. Nc3 Qb6 16. Be3 c5 $10) 14. dxe6 Bxe6 15. Bxf6
Rxf6 16. Nxe6 Rfxe6 17. Bd5 $1 Qa5 18. Bxe6+ Rxe6 19. Qb3 Re7 20. Red1 Qe5 21.
e3 h5 22. Qd3 Re6 23. h4 Qa5 24. b3 Nb8 25. Qd2 Qe5 26. Nc3 Nd7 27. Ne2 Qe4 28.
Qc2 Be5 29. Nf4 Rf6 30. b4 Kg7 31. c5 d5 32. Qxe4 fxe4 33. Nxd5 cxd5 34. Rxd5
Rf7 35. Rcd1 Nf6 36. Rxe5 Ng4 37. Rxe4 1-0

[Event "Hamburg SKA"]
[Site "Hamburg"]
[Date "1991.07.01"]
[Round "5"]
[White "Lobron, Eric"]
[Black "Jussupow, Artur"]
[Result "0-1"]
[WhiteElo "2545"]
[BlackElo "2605"]
[Annotator "Jussupow,A"]
[PlyCount "72"]
[EventDate "1991.06.27"]
[EventType "tourn"]
[EventRounds "13"]
[EventCountry "GER"]
[EventCategory "11"]
[SourceTitle "CBM 024"]
[Source "ChessBase"]
[SourceDate "1991.10.01"]
[SourceVersion "1"]
[SourceVersionDate "1991.10.01"]
[SourceQuality "1"]

1. d4 {Ftacnik Schussler} f5 2. g3 Nf6 3. Bg2 g6 4. b3 Bg7 5. Bb2 O-O 6. Nf3 d6
7. O-O Qe8 8. d5 {N} c6 (8... Na6 $5) 9. c4 Na6 10. Nc3 Bd7 11. Rc1 (11. Qd2 {
Schussler} Rc8 12. Rad1 cxd5 13. Nxd5 Nxd5 14. Bxg7 Ne3 15. fxe3 $2 {CBM 24/
game 471.}) 11... Rd8 {/\e5} (11... h6 {Schussler} 12. e3 Rc8 13. Nd4 Qf7 14.
Ba3 cxd5 15. Nxd5 Ne4 $13 {Kasparov-Malaniuk, Soviet (ch) 1988.}) (11... Rc8 {
Ftacnik} 12. Nd4 Qf7 13. Ba3 g5 14. e3 f4 15. exf4 gxf4 16. Nde2 Nh5 $10 {
Moldobaev,E-Kramnik,V/Belgorod GMA-qual/1989/}) 12. Ba3 (12. Nd4 {Ftacnik} e5
13. dxe6 Bxe6 $13) 12... Nc5 $1 13. Nd2 (13. dxc6 $5 Bxc6 (13... bxc6 14. Bxc5
dxc5 15. Na4 e5 $146) 14. Nd4 $10) (13. Ne5 Bc8 (13... dxe5 $5 14. Bxc5 b6 15.
Ba3 e4 $13) 14. Nd3 Nce4 15. Nxe4 Nxe4 $10) (13. b4 {Ftacnik} Nce4 14. Nxe4
Nxe4 $132) (13. Nd4 {Ftacnik} e5 14. dxe6 Bxe6) 13... a5 $1 14. b4 (14. Bxc5
dxc5 15. Na4 cxd5 16. Nxc5 Bc8 $1 $15) (14. dxc6 $5 Bxc6 $10 (14... Bxc6 {
Schussler} 15. Nd5 e6 $10 (15... e6 {Ftacnik} 16. Nxf6+ Bxf6 $15))) 14... axb4
15. Bxb4 e5 16. Nb3 $2 (16. dxe6 Bxe6 17. Qc2 Qf7 $15) (16. dxc6 $5 Bxc6 (16...
bxc6 $13) 17. Nd5 e4 18. Nb3 $10) (16. Bxc5 {Ftacnik} dxc5 17. Nb3 b6 18. dxc6
Bxc6 $15) 16... Nxb3 17. axb3 (17. Qxb3 $2 c5 18. Ba5 $2 Ra8 19. Bc7 Qe7 20.
Qxb7 Rfc8 {/\Be8,Ne8-+}) 17... c5 $17 18. Ba3 e4 (18... b5 19. b4 $1 Ra8 $140
20. bxc5 $1 Rxa3 21. c6 $44) (18... g5 $142 $1 {|^>>}) 19. Bb2 (19. b4 {Ftacnik
} b6 20. bxc5 bxc5 $17) 19... Ng4 (19... g5 $5) 20. h3 (20. Qc2 {Ftacnik} h5
$40) 20... Ne5 21. Qd2 Qe7 (21... b5 $5 22. cxb5 Bxb5 23. Ra1 Rb8 {/\Bc4-/+})
22. Ra1 h5 23. Ra7 Bc8 24. f4 (24. Na4 f4 25. gxf4 Bh6 26. e3 Nf3+ 27. Bxf3
exf3 28. Qc3 Kh7 $40) (24. h4 {Ftacnik} Kh7 25. Nb5 Bh6 $40) 24... exf3 25.
exf3 f4 (25... h4 26. f4 $13 (26. f4 $1 {Ftacnik} Nf7 27. Re1 $13)) 26. gxf4 (
26. Ne4 {Ftacnik} g5 $17 (26... Bh6 27. Qc3 fxg3 28. Nxd6 Rxd6 29. Qxe5 $36) (
26... fxg3 27. f4 Bh6 28. Nxg3 $13)) 26... Bh6 27. Ne2 Qh4 (27... Rde8 28. Bxe5
dxe5 29. d6 Qf7 $146) (27... Kh7 $5) 28. Bxe5 (28. Qe1 {Ftacnik} Qxe1 29. Rxe1
Nd3 30. Rb1 Rde8 $17) 28... dxe5 29. Qe3 $1 Rxf4 $5 (29... Bxh3 30. Qf2 $1 $10)
(29... exf4 {Ftacnik} 30. Qxc5 Bxh3 31. Rxb7 $132) 30. Qxc5 (30. Nxf4 {Ftacnik}
Bxf4 31. Qf2 Bg3 32. Qxc5 Bxh3 33. Bxh3 Qxh3 34. Ra2 Rf8 $40) 30... Rd4 $5 31.
Qb6 $5 $138 (31. Qc7 Be3+ 32. Kh2 Rd2 33. Ra8 Rxe2 34. Rxc8 Bf4+ 35. Kg1 Rxc8
36. Qxc8+ Kh7 $19) (31. Ra8 Be3+ 32. Kh2 Rg4 33. Qxe3 Rxg2+ 34. Kxg2 Bxh3+ 35.
Kg1 Rxa8 $36) (31. Nxd4 {Schussler} Be3+ 32. Kh2 Bxh3 $1 33. Bxh3 Bf4+ 34. Kg1
Qg3+ 35. Bg2 Be3+ $19 (35... Be3+ {Ftacnik} 36. Kh1 Qh4+)) 31... Be3+ $6 (31...
Kh8 $1 32. f4 $1 (32. Nxd4 $2 Be3+ 33. Kh2 Bxh3 $19) (32. Ra8 Rd2 33. Qc7 Be3+
34. Kh1 Rxe2 $40) (32. Qc7 Rd2 33. Qxe5+ $140 Bg7 34. Qe3 Rxe2 35. Qxe2 Bd4+
$19) 32... Bxf4 33. Nxf4 (33. Nxd4 Be3+ 34. Kh2 Bf4+ 35. Rxf4 Qxf4+ 36. Kh1
Qc1+ $10) 33... Rxf4 34. Rxf4 exf4 35. Qxg6 f3 36. Qh6+ Kg8 37. Bxf3 $2 (37.
Qg6+ $10) 37... Qg3+ 38. Bg2 Re8 39. Ra1 Re2 $19) 32. Kh2 Kh8 (32... Qg5 $5 33.
Nxd4 Bf4+ 34. Kh1 exd4 35. Ra8 Rf8 $146 36. Rxc8 Rxc8 37. Qe6+ Kh7 38. Qd7+ $1
Kh6 39. Qxc8 Qg3 40. Qh8+ Kg5 41. Qd8+ $10) 33. Nxd4 $2 (33. Ra8 $142 Rg4 $5 (
33... Bf4+ 34. Nxf4 Qxf4+ 35. Kh1 Rg8 36. Qc7 Bxh3 37. Rxg8+ Kxg8 38. Bxh3 $16)
34. Qxe3 Rxg2+ 35. Kxg2 Bxh3+ 36. Kg1 Rxa8 37. Qxe5+ Kh7 38. Rf2 Bf5 $146) (33.
Qxg6 {Ftacnik} Rg8 $19) 33... Bxh3 $1 34. Bxh3 $2 (34. Qxd8+ $142 Qxd8 35. Bxh3
Bf4+ $40 (35... Bf4+ {Ftacnik} 36. Kg1 Qg5+ $19)) 34... Bf4+ $19 35. Kg1 Qg3+
36. Bg2 Be3+ {Yusupov} (36... Be3+ 37. Rf2 Qxf2+ 38. Kh2 Bf4+ 39. Kh1 Qe1+ $19)
0-1